书目信息 |
| 题名: |
国家与革命
|
|
| 作者: | 列宁 著 ;中共中央马、恩、列、斯著作编译局 译 | |
| 分册: | ||
| 出版信息: | 北京 人民出版社 1964.09 |
|
| 页数: | 113页 | |
| 开本: | 19cm | |
| 丛书名: | ||
| 单 册: | ||
| 中图分类: | A225 | |
| 科图分类: | ||
| 主题词: | 列字著作--单行本--1917年 | |
| 电子资源: | ||
| ISBN: | ||
| 000 | 01069nam0 2200265 45 | |
| 001 | 0177000135 | |
| 005 | 20060719165811.20 | |
| 010 | @dCNY0.33 | |
| 091 | @a1001.21 | |
| 100 | @a19951011d1964 em y0chiy0121 ea | |
| 101 | 2 | @achi@arus |
| 102 | @aCN@b110000 | |
| 105 | @ay z 000yy | |
| 200 | 10 | @a国家与革命@Aguo jia yu ge ming@e马克思主义关于国家的学说与无产阶级在革命中的任务@EMa Ke Si Zhu Yi Guan Yu Guo Jia De Xue Shuo Yu Wu Chan Jie Ji Zai Ge Ming Zhong De Ren Wu@f列宁著@g中共中央马、恩、列、斯著作编译局译 |
| 205 | @a7版 | |
| 210 | @a北京@c人民出版社@d1964.09@h1975.02印刷 | |
| 215 | @a113页@d19cm | |
| 517 | @a马克思主义关于国家的学说与无产阶级在革命中的任务@AMa Ke Si Zhu Yi GuanYu Guo Jia De Xue Shuo Yu Wu Chan Jie Ji Zai Ge Ming Zhong De Ren Wu | |
| 606 | 0 | @a列字著作@x单行本@z1917年 |
| 690 | @aA225@v3 | |
| 701 | 1 | @a列宁@4著 |
| 712 | 02 | @a中共中央马、恩、列、斯著作编译局@AZhong Gong Zhong Yang Ma、En、Lie、Si Zhu Zuo Bian Yi Ju@4译 |
| 801 | 2 | @aCN@bNLC@c20060719 |
| 801 | 0 | @aCN@b广东省中山图书馆@c20060425 |
| 905 | @dA225@e36@f1@b65564 | |
| 国家与革命:马克思主义关于国家的学说与无产阶级在革命中的任务/列宁著/中共中央马、恩、列、斯著作编译局译.-7版.-北京:人民出版社,1964.09(1975.02印刷) |
| 113页;19cm |
| ISBN :CNY0.33 |
| ● |
| 相关链接 |
|
|
|
|
正题名:国家与革命
索取号:A225/36
 
预约/预借
| 序号 | 登录号 | 条形码 | 馆藏地/架位号 | 状态 | 备注 |
| 1 | 0424724 | 204247243 | 密集书库/ [索取号:A225/36] | 在馆 | |
| 2 | 0424728 | 204247289 | 密集书库/ [索取号:A225/36] | 在馆 |